| 000 | 00967cam a22002774a 4500 | ||
|---|---|---|---|
| 999 |
_c57468 _d57468 |
||
| 001 | 16355649 | ||
| 005 | 20221107152418.0 | ||
| 008 | 100728s2011 enka b 001 0 eng | ||
| 010 | _a 2010031705 | ||
| 020 | _a9781405169745 (pbk. : alk. paper) X | ||
| 041 | _aeng | ||
| 080 | _a61:575 T-67 | ||
| 082 | 0 | 0 |
_a616/.042 _222 |
| 100 | 1 |
_aTobias, Edward. _98752 |
|
| 245 | 1 | 0 |
_aEssential medical genetics / _cEdward Tobias, Michael Connor, Malcolm Ferguson-Smith. |
| 250 | _a6th ed. | ||
| 260 |
_aChichester, West Sussex, UK : _bWiley-Blackwell, _c2011. |
||
| 300 |
_axi, 332 p. : _bill. (some col.) ; _c28 cm. |
||
| 650 | 1 | 2 |
_aGenetics, Medical. _98754 |
| 653 | _aგენეტიკა | ||
| 653 | _aმედიცინა | ||
| 700 | 1 |
_aConnor, J. M. _q(James Michael), _d1951- _98755 |
|
| 700 | 1 |
_aFerguson-Smith, M. A. _q(Malcolm Andrew) _98756 |
|
| 700 | 1 |
_aConnor, J. M. _q(James Michael), _d1951- _tEssential medical genetics. _98757 |
|
| 942 |
_2udc _cBK |
||